[Event "41st World U20 ch"]
[Site "Panaji IND"]
[Date "2002.12.11"]
[Round "4.31"]
[White "Sharma, R. Preetham"]
[Black "Vuilleumier, Alexandre"]
[Result "1-0"]
[WhiteElo "2311"]
[BlackElo "2193"]
[EventDate "2002.12.09"]
[PlyCount "69"]

1.Nf3 d5 2.g3 Nf6 3.Bg2 e6 4.O-O Be7 5.d3 O-O 6.Nbd2 c5 7.e4 Nc6 8.Re1 Rb8
9.e5 Nd7 10.Nf1 b5 11.h4 b4 12.Bf4 a5 13.N1h2 a4 14.Ng5 a3 15.bxa3 bxa3 
16.c4 h6 17.Nh3 Nb6 18.Qg4 Kh7 19.Nf3 Rh8 20.cxd5 Nxd5 21.Nd2 Nd4 22.Rab1 
Rxb1 23.Rxb1 Ba6 24.Nc4 g6 25.Be3 h5 26.Ng5+ Kg7 27.Qh3 Nxe3 28.Nxe3 Bxg5 
29.hxg5 Qxg5 30.f4 Qe7 31.Be4 Qa7 32.Qh4 c4 33.Qf6+ Kh7 34.Rb7 Nf3+ 35.Kf2
1-0

[Event "41st World U20 ch"]
[Site "Panaji IND"]
[Date "2002.12.11"]
[Round "4.32"]
[White "Leong Chee Ming, Luke"]
[Black "Pratik Shriwas, R."]
[Result "0-1"]
[WhiteElo "2297"]
[BlackElo "2148"]
[EventDate "2002.12.09"]
[PlyCount "86"]

1.d4 d5 2.c4 e6 3.Nc3 Nf6 4.cxd5 exd5 5.Bg5 Nbd7 6.Qc2 Be7 7.e3 O-O 8.Bd3 
h6 9.Bh4 c6 10.Nf3 Re8 11.O-O Ne4 12.Bxe7 Qxe7 13.Rab1 a6 14.b4 Nb6 15.Nd2
Bf5 16.Ncxe4 Bxe4 17.Rfe1 Rad8 18.f3 Bxd3 19.Qxd3 Nd7 20.Qc3 Nf6 21.a4 Rc8
22.Nb3 Nd7 23.Nc5 Nb6 24.e4 dxe4 25.fxe4 Qc7 26.Qb3 Nd7 27.Nd3 Rcd8 28.
Rbd1 Qb6 29.Nf2 a5 30.b5 c5 31.Qc3 cxd4 32.Rxd4 Nc5 33.Rc4 Nd3 34.Qd2 Ne5 
35.Qe2 Nxc4 36.Qxc4 Rd2 37.Rf1 Red8 38.g3 Qd4 39.Qc7 b6 40.Qf4 Rd6 41.Qf3 
Rf6 42.Qg2 Qxa4 43.e5 Rfxf2 0-1

[Event "41st World U20 ch"]
[Site "Panaji IND"]
[Date "2002.12.11"]
[Round "4.33"]
[White "Eriksson, Jonas"]
[Black "Gurpreet, Singh Maras"]
[Result "1-0"]
[WhiteElo "2278"]
[BlackElo "2145"]
[EventDate "2002.12.09"]
[PlyCount "73"]

1.d4 d5 2.c4 e6 3.Nc3 Nf6 4.Nf3 Bb4 5.cxd5 exd5 6.Bg5 h6 7.Bh4 g5 8.Bg3 
Ne4 9.Nd2 Nxc3 10.bxc3 Bxc3 11.Rc1 Ba5 12.e3 Bf5 13.h4 c6 14.hxg5 Qxg5 15.
Qa4 Bb6 16.Bh4 Qg6 17.Qb4 Qe6 18.a4 Nd7 19.a5 Bd8 20.Bxd8 Kxd8 21.Qxb7 Rb8
22.Qxc6 Ke7 23.Qxe6+ fxe6 24.f3 Nf6 25.g4 Bg6 26.Rc7+ Nd7 27.e4 Kd6 28.
Rxa7 Rhc8 29.Rxh6 Rc1+ 30.Ke2 Bf7 31.exd5 Rb2 32.dxe6 Bxe6 33.Ra6+ Kc7 34.
Rhxe6 Rcc2 35.Ra7+ Kd8 36.Rd6 Rxd2+ 37.Ke3 1-0

[Event "41st World U20 ch"]
[Site "Panaji IND"]
[Date "2002.12.11"]
[Round "4.34"]
[White "Dutta, Sayantan"]
[Black "Kosmo, Santul"]
[Result "1-0"]
[WhiteElo "2275"]
[BlackElo "2145"]
[EventDate "2002.12.09"]
[PlyCount "120"]

1.e4 c5 2.Nf3 d6 3.d4 cxd4 4.Nxd4 Nf6 5.Nc3 a6 6.Be3 e6 7.f3 Nc6 8.Qd2 Be7
9.O-O-O O-O 10.g4 Nxd4 11.Bxd4 b5 12.h4 Nd7 13.g5 Bb7 14.Be2 b4 15.Nb1 a5 
16.Rdg1 Rc8 17.h5 e5 18.Be3 f5 19.gxf6 Nxf6 20.Bd3 Kh8 21.Qg2 Rf7 22.Nd2 
Bf8 23.Kb1 a4 24.Qe2 Qc7 25.Rf1 a3 26.f4 d5 27.Bg1 exf4 28.e5 Ne4 29.Bd4 
Bc5 30.Bxc5 Qxe5 31.c3 Rxc5 32.Nf3 Qb8 33.cxb4 Rc8 34.Rc1 Ng3 35.Qe6 Rfc7 
36.h6 Rxc1+ 37.Rxc1 Rxc1+ 38.Kxc1 axb2+ 39.Kxb2 Qf8 40.hxg7+ Qxg7+ 41.Ne5 
f3 42.Qe8+ Qg8 43.Qxg8+ Kxg8 44.Nxf3 h5 45.a4 Kf8 46.a5 Ke7 47.a6 Ba8 48.
Kb3 Kd7 49.Ka4 Kc7 50.Ka5 Ne4 51.b5 Nd6 52.b6+ Kc8 53.Kb4 Kb8 54.Kc5 Ne4+ 
55.Kd4 Nd6 56.Nh4 Nc8 57.Kc5 Ne7 58.Be2 Bb7 59.axb7 Kxb7 60.Bf3 Nc8 1-0

[Event "41st World U20 ch"]
[Site "Panaji IND"]
[Date "2002.12.11"]
[Round "4.35"]
[White "Byomakesh, Nayak"]
[Black "Thakur, Akash"]
[Result "1/2-1/2"]
[WhiteElo "2136"]
[BlackElo "2257"]
[EventDate "2002.12.09"]
[PlyCount "92"]

1.d4 d5 2.c4 dxc4 3.e3 Nf6 4.Bxc4 e6 5.Nc3 c5 6.Nf3 a6 7.a4 Nc6 8.O-O cxd4
9.exd4 Be7 10.Be3 O-O 11.Qe2 Nb4 12.Ne5 b6 13.Rfd1 Bb7 14.Rac1 Nfd5 15.Bb3
Bg5 16.Nxd5 Nxd5 17.Nc6 Qd7 18.Ne5 Qd8 19.Nc6 Qd7 20.Ne5 Qe7 21.Nc6 Qe8 
22.Bxg5 Bxc6 23.Qc4 Bb7 24.Qd3 f6 25.Bd2 Qh5 26.Re1 Rfe8 27.Bd1 Qg6 28.
Qxg6 hxg6 29.a5 bxa5 30.Ba4 Re7 31.Bc6 Rb8 32.Bxa5 Bxc6 33.Rxc6 Rxb2 34.
Rxa6 Ra2 35.h3 Kf7 36.Rb1 Ra4 37.Ra8 g5 38.Rbb8 Rxd4 39.g3 Rd7 40.Rg8 Ra4 
41.Rgf8+ Kg6 42.Rae8 Re7 43.Rd8 Rb7 44.Bd2 Rb1+ 45.Kh2 Re4 46.Ra8 Rb2 
1/2-1/2

[Event "41st World U20 ch"]
[Site "Panaji IND"]
[Date "2002.12.11"]
[Round "4.36"]
[White "Sangma, Rahul"]
[Black "Jagadish, H. D."]
[Result "1/2-1/2"]
[WhiteElo "2214"]
[BlackElo "2130"]
[EventDate "2002.12.09"]
[PlyCount "130"]

1.e4 c5 2.Nf3 Nc6 3.d4 cxd4 4.Nxd4 Nf6 5.Nc3 e5 6.Ndb5 d6 7.Bg5 a6 8.Na3 
b5 9.Nd5 Be7 10.Bxf6 Bxf6 11.c3 O-O 12.Nc2 Bg5 13.a4 bxa4 14.Rxa4 Rb8 15.
b4 a5 16.b5 Ne7 17.Nce3 Bxe3 18.Nxe3 f5 19.Nc4 Rf6 20.Nxe5 fxe4 21.Rxe4 
Bb7 22.Nc6 Bxc6 23.bxc6 d5 24.Rd4 Nxc6 25.Rxd5 Qb6 26.f3 Re6+ 27.Be2 Rbe8 
28.Rd2 Qe3 29.Kf1 Ne5 30.Rd8 Nf7 31.Rxe8+ Rxe8 32.Bc4 Qxc3 33.Bxf7+ Kxf7 
34.Qd5+ Kf8 35.Kf2 Qc2+ 36.Kg3 Qg6+ 37.Kh3 Qh6+ 38.Kg4 Re6 39.Qc5+ Kf7 40.
Qc7+ Kf8 41.Qc5+ Kf7 42.Qa7+ Kf8 43.Qb8+ Kf7 44.Qc7+ Kf8 45.Qc5+ Kf7 46.
Qc7+ Kf8 47.Qc8+ Kf7 48.Qc7+ Kf8 49.Qf4+ Qxf4+ 50.Kxf4 Ra6 51.Ra1 Ke7 52.
Ke5 a4 53.Ra3 Ra7 54.h4 Kf7 55.g4 Kg6 56.f4 Kf7 57.h5 h6 58.Kf5 Ra5+ 59.
Ke4 g6 60.hxg6+ Kxg6 61.Kd4 h5 62.f5+ Kg5 63.gxh5 Kxh5 64.Ke4 Kg5 65.Rg3+ 
Kf6 1/2-1/2

[Event "41st World U20 ch"]
[Site "Panaji IND"]
[Date "2002.12.11"]
[Round "4.37"]
[White "Himanshu, Kumar"]
[Black "Soumya, Ranjan Mishra"]
[Result "0-1"]
[WhiteElo "2072"]
[BlackElo "2207"]
[EventDate "2002.12.09"]
[PlyCount "110"]

1.Nf3 d5 2.d4 Nf6 3.c4 e6 4.Bg5 c6 5.e3 Nbd7 6.Nc3 Qa5 7.Nd2 Bb4 8.Qc2 O-O
9.Be2 e5 10.dxe5 Ne4 11.Ndxe4 dxe4 12.O-O Bxc3 13.bxc3 f6 14.Bf4 Nxe5 15.
Qxe4 Bf5 16.Qxf5 Nf3+ 17.Bxf3 Qxf5 18.Bd6 Rf7 19.c5 Rd8 20.h3 Qc2 21.Bd1 
Qxc3 22.Bb3 g6 23.Rab1 Rd7 24.Be6 Kg7 25.Rfc1 Qa5 26.Rd1 Qd8 27.Rd4 b6 28.
Bxd7 Rxd7 29.Rbd1 Kf7 30.a3 b5 31.a4 Qc8 32.Rc1 Ke6 33.Re4+ Kf7 34.Rd4 a6 
35.axb5 axb5 36.Ra1 Rb7 37.Rb4 Qd7 38.Ra8 Ra7 39.Rf8+ Kg7 40.Re4 Qf5 41.f3
Qd5 42.Ree8 b4 43.Rb8 b3 44.Rh8 b2 45.Rhd8 Qc4 46.Kh2 Qa2 47.Bf8+ Kf7 48.
Bh6 b1=Q 49.Rf8+ Ke6 50.Rbe8+ Re7 51.Rd8 Qd5 52.Rd6+ Qxd6+ 53.cxd6 Kxd6 
54.Rb8 Qxb8 55.Bf4+ Re5 0-1

[Event "41st World U20 ch"]
[Site "Panaji IND"]
[Date "2002.12.11"]
[Round "4.38"]
[White "Kafka, Graeme"]
[Black "Macak, Stefan"]
[Result "1/2-1/2"]
[WhiteElo "2108"]
[BlackElo "2246"]
[EventDate "2002.12.09"]
[PlyCount "94"]

1.e4 c5 2.Nf3 e6 3.d4 cxd4 4.Nxd4 Nf6 5.Nc3 a6 6.e5 Ng8 7.g3 Qc7 8.f4 Nc6 
9.Be3 f6 10.exf6 Nxf6 11.Bg2 Bb4 12.O-O O-O 13.Ne4 Be7 14.c3 d6 15.Nxf6+ 
Bxf6 16.Qd2 Bd7 17.Rad1 Rad8 18.Rfe1 Kh8 19.Nf3 Bc8 20.Qf2 Rde8 21.Qd2 Be7
22.Nd4 Rd8 23.Qc2 Bd7 24.Bf2 e5 25.Nxc6 Bxc6 26.Bxc6 bxc6 27.fxe5 dxe5 28.
Rxd8 Bxd8 29.Qe2 Qb7 30.b3 Bf6 31.Rd1 Re8 32.Qe4 Qc7 33.c4 h6 34.Kg2 Rd8 
35.Rxd8+ Bxd8 36.Be1 Bf6 37.Bc3 Qd6 38.h4 Qa3 39.Qxc6 Qxa2+ 40.Kh3 Qxb3 
41.Qc8+ Kh7 42.Qf5+ Kg8 43.Qc8+ Kh7 44.Qf5+ Kg8 45.Qc8+ Kf7 46.Qd7+ Be7 
47.Qd5+ Kf8 1/2-1/2

[Event "41st World U20 ch"]
[Site "Panaji IND"]
[Date "2002.12.11"]
[Round "4.39"]
[White "Sriram, Sarja"]
[Black "Borchgrevink, Harald"]
[Result "1/2-1/2"]
[WhiteElo "2100"]
[BlackElo "2174"]
[EventDate "2002.12.09"]
[PlyCount "73"]

1.Nf3 c5 2.c4 g6 3.d4 cxd4 4.Nxd4 Bg7 5.e4 d6 6.Be2 Nc6 7.Be3 Nf6 8.Nc3 
O-O 9.O-O Bd7 10.Qd2 Ng4 11.Bxg4 Bxg4 12.f3 Bd7 13.Rfd1 Ne5 14.b3 Re8 15.
Rac1 a6 16.a4 Rb8 17.Nd5 Bc6 18.Nb4 Qc8 19.a5 Nd7 20.Nd5 Nc5 21.Nb6 Qc7 
22.Rb1 Nd7 23.b4 Nxb6 24.axb6 Qd7 25.Kh1 Ba4 26.Rdc1 Red8 27.Qa2 Qe8 28.
Ra1 Bd7 29.Rab1 Rbc8 30.Nb3 Be6 31.Na5 Qd7 32.Qd2 h5 33.Bd4 f6 34.Be3 Kh7 
35.h4 Bf7 36.c5 d5 37.c6 1/2-1/2

[Event "41st World U20 ch"]
[Site "Panaji IND"]
[Date "2002.12.11"]
[Round "4.41"]
[White "Pradeep, T. S."]
[Black "Naveen, R."]
[Result "0-1"]
[WhiteElo "2111"]
[BlackElo "2099"]
[EventDate "2002.12.09"]
[PlyCount "144"]

1.e4 e5 2.Bc4 Nf6 3.Nf3 Nc6 4.Nc3 Be7 5.O-O d6 6.h3 O-O 7.d4 exd4 8.Nxd4 
Ne5 9.Bb3 c5 10.Nf3 Ng6 11.Re1 Qc7 12.Nd5 Nxd5 13.Bxd5 Bf6 14.c3 h6 15.Be3
Be6 16.Re2 Rfe8 17.Qb3 Re7 18.Rd1 c4 19.Qb5 a6 20.Qb6 Qxb6 21.Bxb6 Bxd5 
22.Rxd5 Nf4 23.Rdd2 Nxe2+ 24.Rxe2 Rae8 25.Nd2 d5 26.Bc5 Re6 27.f3 b5 28.
Kf2 Bg5 29.Be3 Bxe3+ 30.Kxe3 dxe4 31.fxe4 f5 32.Kf3 g6 33.g4 fxg4+ 34.Kxg4
Kg7 35.Kf4 g5+ 36.Kf3 Rf8+ 37.Kg3 h5 38.Nf3 h4+ 39.Kg2 Rfe8 40.e5 Kg6 41.
Kf2 Rf8 42.Ke3 Rxf3+ 43.Kxf3 Kf5 44.Rd2 Rxe5 45.b3 cxb3 46.axb3 Rc5 47.Rd3
a5 48.b4 axb4 49.cxb4 Re5 50.Rd4 Ke6 51.Kf2 Rd5 52.Rg4 Kf5 53.Kg2 Rd2+ 54.
Kg1 Rd3 55.Kg2 Kf6 56.Re4 Rc3 57.Re2 Rc4 58.Rb2 Ke5 59.Kf3 Rc3+ 60.Kg2 Kd5
61.Rf2 Rg3+ 62.Kh2 Kc4 63.Rb2 Rb3 64.Rg2 Rxb4 65.Rxg5 Kb3 66.Rh5 Ka4 67.
Rg5 Rc4 68.Rg4 Kb3 69.Rg5 b4 70.Rg6 Kc3 71.Rg2 b3 72.Rg1 b2 0-1

[Event "41st World U20 ch"]
[Site "Panaji IND"]
[Date "2002.12.11"]
[Round "4.42"]
[White "Pranjal, Phukan"]
[Black "Sanchit, Agarwal"]
[Result "1-0"]
[WhiteElo "2059"]
[BlackElo "2004"]
[EventDate "2002.12.09"]
[PlyCount "75"]

1.e4 c5 2.Nf3 e6 3.d4 cxd4 4.Nxd4 a6 5.Be2 Qc7 6.Nc3 Nc6 7.a3 b5 8.O-O Bb7
9.Be3 Rc8 10.Nb3 Ne5 11.f4 Nc4 12.Bxc4 Qxc4 13.Na5 Qc7 14.Nxb7 Qxb7 15.Qd3
Nf6 16.Kh1 Bc5 17.Bxc5 Rxc5 18.e5 Nd5 19.Ne4 Rc6 20.Nd6+ Rxd6 21.exd6 Qb6 
22.b3 Ne3 23.Rf3 Nf5 24.Rd1 h5 25.c4 h4 26.cxb5 axb5 27.Qc3 Ng3+ 28.Rxg3 
hxg3 29.Qxg3 Rg8 30.Qc3 Qc6 31.Rc1 f6 32.Qd2 Qe4 33.Rc7 Qb1+ 34.Qc1 Qxb3 
35.Rxd7 Qc4 36.Re7+ Kd8 37.Qe1 Rf8 38.Qa5+ 1-0

[Event "41st World U20 ch"]
[Site "Panaji IND"]
[Date "2002.12.11"]
[Round "4.44"]
[White "Phanikanth, J. S. S."]
[Black "Cruz, Wilson"]
[Result "0-1"]
[WhiteElo "2012"]
[BlackElo "2021"]
[EventDate "2002.12.09"]
[PlyCount "63"]

1.e4 Nf6 2.e5 Nd5 3.d4 d6 4.c4 Nb6 5.exd6 exd6 6.Nf3 Bf5 7.Be2 Be7 8.O-O 
O-O 9.Nc3 N8d7 10.Bf4 c5 11.d5 h6 12.Re1 Re8 13.Nd2 Nf6 14.Bf3 Bf8 15.Qb3 
Qd7 16.Nde4 Nxe4 17.Bxe4 Bxe4 18.Nxe4 Qf5 19.Qf3 Nxc4 20.Re2 Ne5 21.Qe3 
Ng6 22.Bg3 Qxd5 23.Rae1 Re6 24.b3 Rae8 25.Rd2 Qxe4 26.Qxe4 Rxe4 27.Rxe4 
Rxe4 28.Rd1 Ne5 29.h3 Re2 30.Rd5 Rxa2 31.Bxe5 dxe5 32.Rxe5 0-1

[Event "41st World U20 ch"]
[Site "Panaji IND"]
[Date "2002.12.12"]
[Round "5.1"]
[White "McShane, Luke"]
[Black "Bu Xiangzhi"]
[Result "1/2-1/2"]
[WhiteElo "2546"]
[BlackElo "2601"]
[EventDate "2002.12.09"]
[PlyCount "47"]

1.e4 c5 2.Nf3 d6 3.Bc4 Nf6 4.d3 Nc6 5.O-O g6 6.h3 Bg7 7.a3 O-O 8.Nc3 a6 9.
Be3 b5 10.Ba2 e5 11.Rb1 Nd4 12.Nd5 Be6 13.Bg5 h6 14.Nxd4 cxd4 15.Nxf6+ 
Bxf6 16.Bxe6 hxg5 17.Bd5 Rc8 18.Qd2 Kg7 19.c4 dxc3 20.bxc3 g4 21.hxg4 Bg5 
22.Qd1 Rxc3 23.a4 Qb6 24.axb5 1/2-1/2

[Event "41st World U20 ch"]
[Site "Panaji IND"]
[Date "2002.12.12"]
[Round "5.2"]
[White "Aronian, Levon"]
[Black "Sadykov, Rustem"]
[Result "1-0"]
[WhiteElo "2581"]
[BlackElo "2400"]
[EventDate "2002.12.09"]
[PlyCount "61"]

1.c4 c6 2.e4 d5 3.exd5 cxd5 4.cxd5 Nf6 5.Nc3 Nxd5 6.Nf3 Nxc3 7.bxc3 g6 8.
d4 Bg7 9.Bd3 O-O 10.O-O Nc6 11.Re1 Re8 12.h3 e5 13.Bg5 f6 14.Bh4 exd4 15.
cxd4 Rxe1+ 16.Qxe1 Ne7 17.Qe4 Bf5 18.Bc4+ Kh8 19.Qxb7 Rc8 20.Re1 Bd7 21.
Bb3 Rc7 22.Qa6 Nf5 23.Ne5 Be8 24.Qe6 Nh6 25.d5 g5 26.Bg3 fxe5 27.Bxe5 Bg6 
28.Bxc7 Qxc7 29.d6 Qc3 30.d7 Bf6 31.Qe8+ 1-0

[Event "41st World U20 ch"]
[Site "Panaji IND"]
[Date "2002.12.12"]
[Round "5.3"]
[White "Bromberger, Stefan"]
[Black "Yakovenko, Dmitry"]
[Result "1/2-1/2"]
[WhiteElo "2414"]
[BlackElo "2570"]
[EventDate "2002.12.09"]
[PlyCount "109"]

1.e4 c5 2.Nf3 Nc6 3.d4 cxd4 4.Nxd4 e6 5.Nc3 a6 6.Be3 Nf6 7.Be2 Qc7 8.O-O 
Be7 9.f4 d6 10.Kh1 O-O 11.a4 Bd7 12.Nb3 b6 13.g4 Bc8 14.g5 Nd7 15.Bf3 Bb7 
16.Bg2 Rfe8 17.Qh5 Nb4 18.Rf2 Bf8 19.Raf1 Re7 20.Qh3 Rae8 21.Bc1 g6 22.Nd1
Na2 23.Be3 Qc4 24.Nd4 Nb4 25.b3 Qc8 26.Rd2 e5 27.fxe5 dxe5 28.Ne2 Nxc2 29.
Bg1 Bg7 30.Nf2 Nd4 31.Ng4 Nc5 32.Nxd4 exd4 33.Bxd4 Rxe4 34.Qf3 Qf5 35.Nf6+
Bxf6 36.Qxf5 gxf5 37.Bxf6 Re1 38.Rd1 Bxg2+ 39.Kxg2 Rxd1 40.Rxd1 Ne4 41.Kf3
h6 42.Kf4 hxg5+ 43.Bxg5 Nxg5 44.Kxg5 Re3 45.Kf6 Rxb3 46.Rd8+ Kh7 47.Rd7 f4
48.Rxf7+ Kg8 49.Kg6 Rb4 50.h4 Rc4 51.Rf6 f3 52.a5 Rg4+ 53.Kh5 Rb4 54.axb6 
f2 55.Rxf2 1/2-1/2

[Event "41st World U20 ch"]
[Site "Panaji IND"]
[Date "2002.12.12"]
[Round "5.5"]
[White "Potkin, Vladimir"]
[Black "Berkes, Ferenc"]
[Result "1-0"]
[WhiteElo "2495"]
[BlackElo "2545"]
[EventDate "2002.12.09"]
[PlyCount "99"]

1.e4 c5 2.c3 e6 3.d4 d5 4.e5 Nc6 5.Nf3 Bd7 6.Be2 Nge7 7.Na3 cxd4 8.cxd4 
Nf5 9.Nc2 Nb4 10.O-O Nxc2 11.Qxc2 Qb6 12.Qd3 a6 13.a4 Bb4 14.h4 a5 15.g3 
h6 16.Kg2 O-O-O 17.Bd2 Kb8 18.Rfc1 Rc8 19.b3 Rhd8 20.Bf4 Ne7 21.Rxc8+ Rxc8
22.Rc1 Nc6 23.Be3 Ba3 24.Rc3 Bf8 25.Qh7 Qb4 26.Qc2 Qa3 27.Qb1 Rc7 28.Bd2 
Qe7 29.Bb5 Qd8 30.Qh7 Rc8 31.Rc1 Be8 32.Qg8 Qe7 33.Bxc6 Bxc6 34.Bxa5 f6 
35.exf6 gxf6 36.Bd2 e5 37.dxe5 d4 38.Rxc6 bxc6 39.exf6 Qxf6 40.Qc4 c5 41.
Bf4+ Ka7 42.b4 Bd6 43.Bxd6 Qxd6 44.bxc5 Rxc5 45.Qxd4 Qc6 46.Kh2 Ka6 47.Ne5
Qc7 48.Nd3 Rf5 49.Nb4+ Ka5 50.Nd5 1-0

[Event "41st World U20 ch"]
[Site "Panaji IND"]
[Date "2002.12.12"]
[Round "5.6"]
[White "Ni Hua"]
[Black "Smerdon, David"]
[Result "1-0"]
[WhiteElo "2545"]
[BlackElo "2382"]
[EventDate "2002.12.09"]
[PlyCount "101"]

1.e4 d5 2.exd5 Nf6 3.d4 Bg4 4.Nf3 Qxd5 5.Be2 Nc6 6.O-O O-O-O 7.Be3 Qf5 8.
Nbd2 e5 9.Nxe5 Bxe2 10.Qxe2 Nxe5 11.dxe5 Qxe5 12.Nf3 Qe4 13.Rfe1 Rd5 14.c4
Rh5 15.Bg5 Qxe2 16.Rxe2 Bd6 17.h3 h6 18.Bd2 b5 19.cxb5 Rxb5 20.Bc3 Nd5 21.
Bxg7 Rg8 22.Be5 Bxe5 23.Rxe5 c6 24.Nd4 f6 25.Re2 Nf4 26.Re4 Nxh3+ 27.Kh1 
Rbg5 28.g3 Rc5 29.Rae1 Rd8 30.f4 f5 31.Re8 Rxe8 32.Rxe8+ Kd7 33.Re1 Rc4 
34.Rd1 c5 35.Ne2+ Kc6 36.Rd2 Ra4 37.b3 Re4 38.Kg2 Ng5 39.fxg5 hxg5 40.Kf3 
a5 41.Nc3 Re1 42.Rd1 Rxd1 43.Nxd1 Kb5 44.Nb2 Kb4 45.Nd3+ Ka3 46.Nxc5 Kxa2 
47.Nb7 Kxb3 48.Nxa5+ Kc3 49.Nc6 Kd3 50.Ne5+ Kd4 51.Nf7 1-0

[Event "41st World U20 ch"]
[Site "Panaji IND"]
[Date "2002.12.12"]
[Round "5.7"]
[White "Neelotpal, Das"]
[Black "Ganguly, Surya Shekhar"]
[Result "1/2-1/2"]
[WhiteElo "2374"]
[BlackElo "2531"]
[EventDate "2002.12.09"]
[PlyCount "68"]

1.e4 e5 2.Nf3 Nc6 3.Bb5 a6 4.Ba4 Nf6 5.O-O b5 6.Bb3 Bc5 7.a4 Rb8 8.c3 d6 
9.d4 Bb6 10.h3 O-O 11.Be3 exd4 12.cxd4 Nxe4 13.axb5 axb5 14.Bd5 Qe8 15.Re1
Nf6 16.Bg5 Qd7 17.Bxf6 gxf6 18.Nc3 Ne7 19.Be4 d5 20.Bc2 Ng6 21.Qd2 c6 22.
Ne2 Qd6 23.Qh6 Bc7 24.Ng3 Qf4 25.Qh5 Kg7 26.Bf5 Qh6 27.Qxh6+ Kxh6 28.Bxc8 
Bxg3 29.Bd7 Bd6 30.Bxc6 Ne7 31.Ra6 Rfd8 32.Nh4 Kg7 33.g4 Kf8 34.Re3 Bf4 
1/2-1/2

[Event "41st World U20 ch"]
[Site "Panaji IND"]
[Date "2002.12.12"]
[Round "5.8"]
[White "Darban, Varighan"]
[Black "Azarov, Sergei"]
[Result "0-1"]
[WhiteElo "2310"]
[BlackElo "2520"]
[EventDate "2002.12.09"]
[PlyCount "118"]

1.e4 e5 2.Nf3 Nc6 3.Bb5 a6 4.Bxc6 dxc6 5.Nc3 f6 6.d4 exd4 7.Qxd4 Qxd4 8.
Nxd4 Bd7 9.Be3 O-O-O 10.O-O-O Bb4 11.Nde2 Re8 12.Rd4 Bd6 13.Rhd1 Be6 14.
R4d2 Ne7 15.Bf4 Bb4 16.a3 Bc5 17.Nd4 Bf7 18.Na4 Ba7 19.Be3 Ng6 20.Nc3 Ne5 
21.Nf5 Bxe3 22.Nxe3 c5 23.f3 b6 24.Nf5 g6 25.Ng3 Rhf8 26.Nd5 Bg8 27.Ne3 a5
28.Nd5 Kb7 29.a4 f5 30.exf5 gxf5 31.Nf4 Ng6 32.Nxg6 hxg6 33.Rd7 Be6 34.Rh7
Rh8 35.Rxh8 Rxh8 36.Re1 Bd7 37.h3 Bxa4 38.Re6 Rg8 39.Ne2 g5 40.Nc3 Bc6 41.
Re5 g4 42.Rxf5 gxh3 43.gxh3 Rh8 44.Kd2 Rxh3 45.f4 Rh2+ 46.Kc1 a4 47.Re5 
Rf2 48.Rf5 Rf1+ 49.Kd2 Rf2+ 50.Kc1 c4 51.Kb1 Rf1+ 52.Ka2 Rc1 53.Rf8 Rxc2 
54.f5 b5 55.Ka3 Rf2 56.f6 Kb6 57.f7 Kc5 58.Ka2 b4 59.Nd1 Rf1 0-1

[Event "41st World U20 ch"]
[Site "Panaji IND"]
[Date "2002.12.12"]
[Round "5.9"]
[White "Miton, Kamil"]
[Black "Glinert, Stephen"]
[Result "1-0"]
[WhiteElo "2564"]
[BlackElo "2351"]
[EventDate "2002.12.09"]
[PlyCount "111"]

1.d4 b6 2.Nf3 Bb7 3.g3 e6 4.Bg2 f5 5.O-O Nf6 6.c4 Be7 7.d5 O-O 8.Nd4 Ne4 
9.Nd2 Nxd2 10.Bxd2 e5 11.Nf3 d6 12.Qc2 Nd7 13.Bh3 g6 14.Bh6 Re8 15.e4 fxe4
16.Nd2 Nf6 17.Be6+ Kh8 18.Bf7 Ng4 19.Bxe8 Qxe8 20.Be3 g5 21.h3 Nxe3 22.
fxe3 Qh5 23.Nxe4 Bc8 24.Nf6 Qxh3 25.Qh2 Qxh2+ 26.Kxh2 Ba6 27.b3 Kg7 28.Ne4
g4 29.Rf2 Rf8 30.Rxf8 Kxf8 31.a4 Bc8 32.a5 Kf7 33.axb6 axb6 34.Ra7 Bf5 35.
Nc3 Bc2 36.b4 Bd8 37.Nb5 Bb3 38.Nxd6+ Ke7 39.Nb7 Kd7 40.d6 Bg5 41.dxc7 
Kxc7 42.Na5+ Kb8 43.Nc6+ Kc8 44.Nxe5 h5 45.Nf7 Bf6 46.Nd6+ Kd8 47.c5 bxc5 
48.bxc5 Bd5 49.e4 Bc6 50.e5 Be7 51.e6 h4 52.gxh4 Bxh4 53.Nf5 g3+ 54.Kg1 
Bf6 55.e7+ Kc8 56.Ra8+ 1-0

[Event "41st World U20 ch"]
[Site "Panaji IND"]
[Date "2002.12.12"]
[Round "5.10"]
[White "Perez Candelario, Manuel"]
[Black "Inarkiev, Ernesto"]
[Result "0-1"]
[WhiteElo "2408"]
[BlackElo "2556"]
[EventDate "2002.12.09"]
[PlyCount "106"]

1.e4 c5 2.d3 g6 3.g3 Bg7 4.Bg2 Nc6 5.f4 e6 6.Nf3 Nge7 7.O-O O-O 8.c3 b6 9.
Be3 Ba6 10.Bf2 Qc7 11.Re1 d6 12.Na3 e5 13.d4 exd4 14.cxd4 Nb4 15.Bf1 Bxf1 
16.Kxf1 d5 17.e5 c4 18.Re2 Qc6 19.Nc2 Nd3 20.b4 a5 21.Be1 Qd7 22.bxa5 bxa5
23.Bc3 Rfb8 24.Nce1 Nxe1 25.Qxe1 Nc6 26.Kg2 Nb4 27.Qd2 Bf8 28.Rf1 Qf5 29.
Ne1 Nc6 30.h3 h5 31.Qe3 Bb4 32.Ba1 Bxe1 33.Rfxe1 Nb4 34.Qf3 Nc2 35.Rc1 
Nxa1 36.Rxa1 Qd3 37.Qxd3 cxd3 38.Rd2 Rb4 39.Rxd3 Rb2+ 40.Kg1 Rc8 41.h4 
Rcc2 42.Ra3 a4 43.Kh1 Kf8 44.Rxa4 Rh2+ 45.Kg1 Rhg2+ 46.Kh1 Rh2+ 47.Kg1 
Rbg2+ 48.Kf1 Rxg3 49.Ra8+ Kg7 50.f5 gxf5 51.Rc1 f4 52.Rc7 Rd3 53.Ke1 f3 
0-1

[Event "41st World U20 ch"]
[Site "Panaji IND"]
[Date "2002.12.12"]
[Round "5.11"]
[White "Carlsson, Pontus"]
[Black "Ghaem Maghami, Ehsan"]
[Result "0-1"]
[WhiteElo "2376"]
[BlackElo "2511"]
[EventDate "2002.12.09"]
[PlyCount "62"]

1.e4 c5 2.Nc3 a6 3.Nf3 d6 4.d4 cxd4 5.Nxd4 Nf6 6.f4 Qc7 7.Be2 e5 8.Nf5 Be6
9.O-O Nbd7 10.Kh1 Rc8 11.Be3 h5 12.fxe5 dxe5 13.Bg5 g6 14.Ne3 Be7 15.Qe1 
Qb6 16.Rd1 Qxb2 17.Ncd5 Bxd5 18.exd5 O-O 19.Qh4 Kg7 20.Rf2 Qb4 21.c4 Bd8 
22.Rdf1 Ne4 23.Nf5+ Kh7 24.Qxe4 Bxg5 25.Bxh5 Rxc4 26.Nd4 Bf4 27.Qf3 Rxd4 
28.Qh3 Nf6 29.Bxg6+ Kg7 30.g3 fxg6 31.gxf4 Rxf4 0-1

[Event "41st World U20 ch"]
[Site "Panaji IND"]
[Date "2002.12.12"]
[Round "5.12"]
[White "Sandipan, Chanda"]
[Black "Gozzoli, Yannick"]
[Result "1-0"]
[WhiteElo "2510"]
[BlackElo "2377"]
[EventDate "2002.12.09"]
[PlyCount "85"]

1.e4 e5 2.Nf3 Nc6 3.Bb5 a6 4.Ba4 Nf6 5.O-O b5 6.Bb3 Be7 7.Re1 d6 8.c3 O-O 
9.h3 Na5 10.Bc2 c5 11.d4 Nd7 12.d5 Nb6 13.b3 f5 14.exf5 Bxf5 15.Bxf5 Rxf5 
16.Qd3 Qd7 17.Be3 Rxf3 18.gxf3 Qxh3 19.Qe4 Rf8 20.Qg4 Qxg4+ 21.fxg4 Nxd5 
22.Bd2 Nc6 23.Na3 b4 24.cxb4 Nd4 25.Red1 cxb4 26.Nc4 Nc3 27.Bxc3 bxc3 28.
Ne3 Bh4 29.Nf5 Nxf5 30.gxf5 Rxf5 31.Rxd6 Bxf2+ 32.Kg2 Be3 33.Rxa6 Bd2 34.
Rc6 h5 35.a4 e4 36.a5 e3 37.a6 Rf8 38.a7 Ra8 39.Kf3 Kh7 40.b4 h4 41.b5 h3 
42.b6 h2 43.Rh1 1-0

[Event "41st World U20 ch"]
[Site "Panaji IND"]
[Date "2002.12.12"]
[Round "5.13"]
[White "Mastrovasilis, Dimitrios"]
[Black "Collins, Sam"]
[Result "1/2-1/2"]
[WhiteElo "2461"]
[BlackElo "2372"]
[EventDate "2002.12.09"]
[PlyCount "70"]

1.e4 c5 2.Nf3 e6 3.d4 cxd4 4.Nxd4 Nf6 5.Nc3 Nc6 6.Ndb5 d6 7.Bf4 e5 8.Bg5 
a6 9.Na3 b5 10.Bxf6 gxf6 11.Nd5 f5 12.c3 Bg7 13.Bd3 Be6 14.Qh5 f4 15.O-O 
O-O 16.c4 Nd4 17.Rad1 Bxd5 18.cxd5 Rc8 19.Nb1 Qa5 20.a3 b4 21.Rc1 bxa3 22.
bxa3 Rb8 23.Qg4 Rb3 24.Rfd1 f3 25.Bf1 Qb6 26.g3 Rb2 27.Nc3 Nb3 28.Qxf3 
Nxc1 29.Rxc1 Rb3 30.Qg4 Rxa3 31.Nd1 Qd4 32.Rc8 Qa7 33.Ne3 Rxe3 34.fxe3 
Qxe3+ 35.Kg2 Rxc8 1/2-1/2

[Event "41st World U20 ch"]
[Site "Panaji IND"]
[Date "2002.12.12"]
[Round "5.14"]
[White "Deepan Chakravarthy, Jeyakumar"]
[Black "Wojtaszek, Radoslaw"]
[Result "1/2-1/2"]
[WhiteElo "2355"]
[BlackElo "2452"]
[EventDate "2002.12.09"]
[PlyCount "39"]

1.e4 c5 2.Nf3 d6 3.d4 cxd4 4.Nxd4 Nf6 5.Nc3 Nc6 6.Bg5 e6 7.Qd2 a6 8.O-O-O 
Nxd4 9.Qxd4 Be7 10.f4 b5 11.Be2 Bb7 12.f5 Qc7 13.fxe6 fxe6 14.Bxf6 Bxf6 
15.Qxd6 Qxd6 16.Rxd6 Ke7 17.Rhd1 Rhd8 18.Rxd8 Rxd8 19.Rxd8 Kxd8 20.Bd3 
1/2-1/2

[Event "41st World U20 ch"]
[Site "Panaji IND"]
[Date "2002.12.12"]
[Round "5.15"]
[White "Satyapragyan, Swayangsu"]
[Black "Prathamesh, Sunil Mokal"]
[Result "1-0"]
[WhiteElo "2436"]
[BlackElo "2335"]
[EventDate "2002.12.09"]
[PlyCount "61"]

1.e4 c5 2.Nf3 e6 3.d4 cxd4 4.Nxd4 a6 5.Nc3 Qc7 6.Be2 Nf6 7.O-O Be7 8.f4 d6
9.Be3 O-O 10.a4 Nc6 11.Kh1 Re8 12.Nb3 b6 13.Bf3 Bb7 14.g4 Nd7 15.g5 Nb4 
16.Bg2 g6 17.Qd2 Bf8 18.Rad1 Rad8 19.Nd4 e5 20.Nde2 exf4 21.Nxf4 Nc5 22.
Nfd5 Nxd5 23.exd5 Bg7 24.Bd4 Bxd4 25.Qxd4 Re5 26.Qf4 Qe7 27.b4 Nd7 28.Ne4 
Bxd5 29.Rxd5 Rxd5 30.Nf6+ Nxf6 31.gxf6 1-0

[Event "41st World U20 ch"]
[Site "Panaji IND"]
[Date "2002.12.12"]
[Round "5.16"]
[White "Kristjansson, Stefan"]
[Black "Annaberdiev, Meilis"]
[Result "1-0"]
[WhiteElo "2431"]
[BlackElo "2305"]
[EventDate "2002.12.09"]
[PlyCount "49"]

1.e4 c6 2.d4 d5 3.exd5 cxd5 4.c4 Nf6 5.Nc3 e6 6.Nf3 Be7 7.cxd5 Nxd5 8.Bd3 
O-O 9.O-O Nc6 10.a3 Nf6 11.Re1 b6 12.Bg5 Bb7 13.Bb1 Qd7 14.Qd3 g6 15.Ba2 
Rad8 16.Rad1 Qc8 17.d5 Nb8 18.Qe2 Bxd5 19.Bxd5 Nxd5 20.Rxd5 exd5 21.Bxe7 
Rfe8 22.Qd2 Rd7 23.Nxd5 Qc6 24.Nf6+ Qxf6 25.Bxf6 1-0